[Event "HUN-ch U20 Girls"]
[Site "Budapest"]
[Date "2024.03.18"]
[Round "8"]
[White "Toth, Nikoletta"]
[Black "Juhasz, Judit"]
[Result "1/2-1/2"]
[WhiteElo "1962"]
[BlackElo "2002"]
[PlyCount "156"]
[EventDate "2024.03.11"]
[EventType "tourn"]
[EventRounds "9"]
[EventCountry "HUN"]
[SourceTitle "EXT 2025"]
[Source "ChessBase"]
[SourceDate "2024.10.14"]
[SourceVersion "1"]
[SourceVersionDate "2024.10.14"]
[SourceQuality "1"]

1. d4 Nf6 2. Bf4 b6 3. e3 Bb7 4. Nf3 g6 5. Be2 Bg7 6. h3 0-0 7. 0-0 d6 8. Bh2 Nbd7 9. Nbd2 Ne4 10. Nxe4 Bxe4 11. Nd2 Bb7 12. Bf3 Bxf3 13. Nxf3 e5 14. c3 Qe7 15. a4 e4 16. Nd2 a6 17. Qc2 f5 18. a5 b5 19. c4 b4 20. Nb3 c5 21. Rad1 cxd4 22. Nxd4 Rfc8 23. Ne2 Ne5 24. Qb3 Qf7 25. Qxb4 Nd3 26. Qxd6 Nxb2 27. Rc1 Nxc4 28. Qb4 Bf8 29. Qa4 Rc5 30. Rfd1 Nb2 31. Qd4 Nxd1 32. Rxc5 Bxc5 33. Qxc5 Nb2 34. Qc6 Rd8 35. Be5 Nd3 36. Bd4 g5 37. Qxa6 f4 38. Qf6 Qxf6 39. Bxf6 Rd5 40. Nc3 Rxa5 41. exf4 Ra1+ 42. Kh2 gxf4 43. Nxe4 Ra4 44. f3 Ra2 45. Bc3 Rc2 46. h4 h5 47. Bd2 Kg7 48. Kh3 Kg6 49. g3 Nf2+ 50. Nxf2 Rxd2 51. Kg2 Kf5 52. g4+ Kg6 53. g5 Kf5 54. Kg1 Ra2 55. Ne4 Ke5 56. Nf6 Kd4 57. g6 Ra7 58. Nxh5 Ke5 59. Kh2 Kf5 60. Kh3 Rb7 61. Kh2 Kxg6 62. Nxf4+ Kf5 63. Ng2 Rg7 64. Kg1 Ra7 65. Kf2 Ra2+ 66. Kg3 Ra4 67. Ne3+ Ke5 68. h5 Kf6 69. f4 Ra3 70. Kf3 Kg7 71. Ke4 Kh6 72. Nd5 Kxh5 73. Ke5 Kg6 74. Ne7+ Kf7 75. Nd5 Ra1 76. Nc3 Kg6 77. f5+ Kf7 78. Ne4 Ra5+ 1/2-1/2

[Event "HUN-chT1 Charousek 2324"]
[Site "Hungary"]
[Date "2024.03.03"]
[Round "7.10"]
[White "Toth, Nikoletta"]
[Black "Kiss, Balazs Janos"]
[Result "0-1"]
[WhiteElo "1962"]
[BlackElo "1974"]
[PlyCount "77"]
[EventDate "2023.10.08"]
[EventType "team-tourn"]
[EventRounds "11"]
[EventCountry "HUN"]
[SourceTitle "EXT 2025"]
[Source "ChessBase"]
[SourceDate "2024.10.14"]
[SourceVersion "1"]
[SourceVersionDate "2024.10.14"]
[SourceQuality "1"]
[WhiteTeam "Paks ASE II"]
[BlackTeam "Gyor Elektromos"]
[WhiteTeamCountry "HUN"]
[BlackTeamCountry "HUN"]

1. Nf3 d5 2. g3 c6 3. Bg2 Nd7 4. d4 e6 5. 0-0 Bd6 6. b3 Qe7 7. Bb2 f5 8. a4 Ngf6 9. Ba3 0-0 10. e3 e5 11. dxe5 Nxe5 12. c4 Nxf3+ 13. Bxf3 Bxa3 14. Nxa3 Be6 15. c5 Qxc5 16. Nc2 Rad8 17. b4 Qe7 18. Nd4 Bc8 19. Rb1 Ne4 20. Qc1 Rf6 21. Bg2 Rh6 22. b5 c5 23. Ne2 b6 24. Ra1 Qf7 25. h3 Rdd6 26. Rd1 Be6 27. Ra3 d4 28. exd4 cxd4 29. Qb1 Bc4 30. Bxe4 fxe4 31. Nf4 g5 32. Ng2 Be2 33. Rd2 d3 34. Rc3 Rd8 35. Qb3 Qxb3 36. Rxb3 Rf6 37. Rb4 Rc8 38. Ne3 Rc1+ 39. Kh2 0-1

[Event "HUN-chT1 Charousek 2223"]
[Site "Hungary"]
[Date "2022.12.04"]
[Round "2.10"]
[White "Kosztolanczi, Gyula"]
[Black "Toth, Nikoletta"]
[Result "1-0"]
[WhiteElo "2071"]
[BlackElo "1801"]
[PlyCount "47"]
[EventDate "2022.11.20"]
[EventType "team-tourn"]
[EventRounds "9"]
[EventCountry "HUN"]
[SourceTitle "EXT 2025"]
[Source "ChessBase"]
[SourceDate "2024.10.14"]
[SourceVersion "1"]
[SourceVersionDate "2024.10.14"]
[SourceQuality "1"]
[WhiteTeam "Tapolca VSE"]
[BlackTeam "Paks ASE II"]
[WhiteTeamCountry "HUN"]
[BlackTeamCountry "HUN"]

1. e4 e5 2. Nf3 Nc6 3. Bc4 Bc5 4. c3 Nf6 5. d4 exd4 6. e5 d5 7. Bb5 Ne4 8. cxd4 Bb6 9. Nc3 0-0 10. Be3 Bf5 11. Qb3 Ne7 12. Nh4 Be6 13. Qc2 c5 14. Nxe4 dxe4 15. dxc5 Ba5+ 16. Kf1 Qd5 17. f4 exf3 18. Nxf3 Bf5 19. Qd1 Qe4 20. Qd4 a6 21. Bc4 Nc6 22. Qxe4 Bxe4 23. Be2 Rae8 24. Bf4 1-0

[Event "HUN-chT U18"]
[Site "Budapest"]
[Date "2022.11.03"]
[Round "6.5"]
[White "Foldes, Marton Gabor"]
[Black "Toth, Nikoletta"]
[Result "1-0"]
[WhiteElo "2089"]
[BlackElo "1874"]
[PlyCount "41"]
[EventDate "2022.10.31"]
[EventType "team-swiss"]
[EventRounds "7"]
[EventCountry "HUN"]
[SourceTitle "CBM 211 Extra"]
[Source "ChessBase"]
[SourceDate "2023.01.31"]
[SourceVersion "1"]
[SourceVersionDate "2023.01.31"]
[SourceQuality "1"]
[WhiteTeam "Kobanya Aquarena"]
[BlackTeam "Paks ASE"]
[WhiteTeamCountry "HUN"]
[BlackTeamCountry "HUN"]

1. e4 e5 2. Nf3 Nc6 3. Bb5 a6 4. Ba4 Nf6 5. 0-0 b5 6. Bb3 Bc5 7. c3 d6 8. a4 Rb8 9. d4 Bb6 10. a5 Ba7 11. h3 0-0 12. Be3 Ra8 13. Nbd2 h6 14. Re1 Re8 15. Nf1 Bb7 16. Ng3 exd4 17. Bxh6 gxh6 18. Qd2 Ne5 19. Qxh6 Nxe4 20. Rxe4 Bxe4 21. Nh5 1-0

[Event "HUN-chT U18"]
[Site "Budapest"]
[Date "2022.11.02"]
[Round "5.5"]
[White "Toth, Nikoletta"]
[Black "Koltai, Dora"]
[Result "1-0"]
[WhiteElo "1874"]
[BlackElo "1961"]
[PlyCount "63"]
[EventDate "2022.10.31"]
[EventType "team-swiss"]
[EventRounds "7"]
[EventCountry "HUN"]
[SourceTitle "CBM 211 Extra"]
[Source "ChessBase"]
[SourceDate "2023.01.31"]
[SourceVersion "1"]
[SourceVersionDate "2023.01.31"]
[SourceQuality "1"]
[WhiteTeam "Paks ASE"]
[BlackTeam "Budapest MTK"]
[WhiteTeamCountry "HUN"]
[BlackTeamCountry "HUN"]

1. d4 d5 2. Bf4 Nf6 3. e3 c5 4. c3 e6 5. Nf3 Bd6 6. Bg3 0-0 7. Nbd2 Qc7 8. Bd3 Nbd7 9. e4 e5 10. 0-0 exd4 11. cxd4 Bxg3 12. hxg3 c4 13. Bc2 dxe4 14. Bxe4 Nb6 15. Rc1 Be6 16. Ng5 Rad8 17. Qc2 g6 18. Nxe6 fxe6 19. Nf3 Nxe4 20. Qxe4 Qe7 21. Rfe1 Rfe8 22. Ne5 Rc8 23. Rc3 Na4 24. Rf3 Rc7 25. Nxg6 Qg7 26. Nf4 e5 27. Nh5 Qg6 28. Nf6+ Kf7 29. Nxe8+ Kxe8 30. Qxe5+ Kd8 31. Rf8+ Kd7 32. Qd5+ 1-0

[Event "Wch U18 Girls"]
[Site "Mamaia"]
[Date "2022.09.06"]
[Round "1"]
[White "Toth, Nikoletta"]
[Black "Hryzlova, Sofiia"]
[Result "1-0"]
[WhiteElo "1866"]
[BlackElo "2191"]
[PlyCount "75"]
[EventDate "2022.09.06"]
[EventType "swiss"]
[EventRounds "11"]
[EventCountry "ROU"]
[SourceTitle "CBM 210 Extra"]
[Source "ChessBase"]
[SourceDate "2022.11.30"]
[SourceVersion "1"]
[SourceVersionDate "2022.11.30"]
[SourceQuality "1"]

1. Nf3 Nf6 2. g3 d5 3. Bg2 e6 4. 0-0 Be7 5. b3 0-0 6. Bb2 c5 7. e3 b5 8. c4 bxc4 9. bxc4 Ba6 10. Ne5 Nfd7 11. d3 Nxe5 12. Bxe5 Nd7 13. Bc3 Nb6 14. Nd2 Rb8 15. Be5 Rc8 16. Rc1 Qd7 17. Qg4 f6 18. Ba1 Rcd8 19. Bh3 Bc8 20. Rfd1 Qb7 21. Qh5 Qa6 22. Rc2 Kh8 23. Bf1 Qa4 24. Rdc1 d4 25. exd4 cxd4 26. f4 Bb7 27. Nb3 e5 28. fxe5 fxe5 29. Qxe5 Bf6 30. Qh5 g6 31. Qg4 Bc8 32. Qe2 Na8 33. Bg2 Nc7 34. Rf1 Bf5 35. g4 Rde8 36. Qd1 Bc8 37. Rxf6 Rxf6 38. Bxd4 1-0

[Event "HUN-chT1 Charousek 2122"]
[Site "Hungary"]
[Date "2021.11.07"]
[Round "3.12"]
[White "Toth, Nikoletta"]
[Black "Csiszar, Viktoria"]
[Result "1/2-1/2"]
[WhiteElo "1993"]
[BlackElo "1900"]
[PlyCount "84"]
[EventDate "2021.10.10"]
[EventType "team-tourn"]
[EventRounds "11"]
[EventCountry "HUN"]
[SourceTitle "EXT 2025"]
[Source "ChessBase"]
[SourceDate "2024.10.14"]
[SourceVersion "1"]
[SourceVersionDate "2024.10.14"]
[SourceQuality "1"]
[WhiteTeam "Paks ASE II"]
[BlackTeam "Komlo Banyasz"]
[WhiteTeamCountry "HUN"]
[BlackTeamCountry "HUN"]

1. Nf3 Nf6 2. g3 g6 3. b3 Bg7 4. Bb2 0-0 5. Bg2 c5 6. c4 Nc6 7. 0-0 d6 8. Nc3 Bf5 9. Nh4 Bd7 10. Nd5 Nxd5 11. Bxg7 Kxg7 12. cxd5 Nb4 13. a3 Na6 14. d4 b6 15. e4 Kg8 16. Re1 cxd4 17. b4 Rc8 18. Qxd4 Nc7 19. a4 Ne8 20. e5 Rc7 21. f4 Ng7 22. a5 b5 23. Rac1 Qb8 24. h3 Rfc8 25. Qd2 a6 26. Kh2 Rc4 27. Bf1 R4c7 28. Nf3 Qa7 29. Red1 Rxc1 30. Rxc1 Rxc1 31. Qxc1 Qf2+ 32. Bg2 Nf5 33. Qe1 Qxe1 34. Nxe1 Ne3 35. Be4 Bf5 36. Bxf5 gxf5 37. exd6 exd6 38. Kg1 Nxd5 39. Nc2 Kg7 40. Kf2 Kf6 41. Ke2 Nc3+ 42. Ke3 Nd5+ 1/2-1/2

[Event "HUN-ch U16"]
[Site "Eger"]
[Date "2021.08.25"]
[Round "4"]
[White "Toth, Nikoletta"]
[Black "Sulyok, Eszter"]
[Result "1-0"]
[WhiteElo "1988"]
[BlackElo "1986"]
[PlyCount "95"]
[EventDate "2021.08.20"]
[EventType "swiss"]
[EventRounds "7"]
[EventCountry "HUN"]
[SourceTitle "EXT 2022"]
[Source "ChessBase"]
[SourceDate "2021.10.06"]
[SourceVersion "1"]
[SourceVersionDate "2021.10.06"]
[SourceQuality "1"]

1. Nf3 c5 2. c4 Nc6 3. Nc3 g6 4. g3 Bg7 5. Bg2 e5 6. 0-0 Nge7 7. Ne1 d6 8. Nc2 Be6 9. Ne3 0-0 10. d3 Rb8 11. Rb1 a6 12. a3 b5 13. Ncd5 b4 14. Nxe7+ Nxe7 15. axb4 Rxb4 16. Bd2 Rb8 17. Qa4 Qc8 18. b4 cxb4 19. Rxb4 Rxb4 20. Bxb4 Rd8 21. Qa3 Qb8 22. Nc2 Bc8 23. c5 dxc5 24. Bxc5 Nd5 25. Qa5 Be6 26. Qxa6 Qc7 27. Bxd5 Rxd5 28. Ba3 Bc8 29. Qa4 Rd8 30. Ne3 Bh3 31. Rc1 Qb7 32. Qh4 Ra8 33. Qxh3 Rxa3 34. Qc8+ Qxc8 35. Rxc8+ Bf8 36. Nc4 Ra7 37. Nxe5 Re7 38. d4 f6 39. Ng4 Kf7 40. Nxf6 Kxf6 41. Rxf8+ Kg7 42. Rf3 Rxe2 43. Rd3 Kf6 44. Kg2 Re7 45. Kf3 Kf5 46. h4 Rd7 47. g4+ Kf6 48. Kf4 1-0

[Event "Hello Sakk Cup Capablanca"]
[Site "Tornelo INT"]
[Date "2021.02.28"]
[Round "6"]
[White "Palczert, Matyas"]
[Black "Toth, Nikoletta"]
[Result "1-0"]
[WhiteElo "2214"]
[BlackElo "1937"]
[PlyCount "55"]
[EventDate "2021.02.21"]
[EventType "tourn (rapid)"]
[EventRounds "7"]
[EventCountry "HUN"]
[SourceTitle "CBM 200 Extra"]
[Source "ChessBase"]
[SourceDate "2021.03.31"]
[SourceVersion "1"]
[SourceVersionDate "2021.03.31"]
[SourceQuality "1"]

1. e4 e5 2. Nf3 Nc6 3. Bc4 Bc5 4. 0-0 Nf6 5. d3 h6 6. Re1 0-0 7. h3 d6 8. c3 Bb6 9. a4 Be6 10. Bxe6 fxe6 11. d4 exd4 12. cxd4 Ba5 13. Bd2 Bxd2 14. Nbxd2 e5 15. Qb3+ Kh7 16. dxe5 Nxe5 17. Nxe5 dxe5 18. Nf3 b6 19. Nxe5 Qd4 20. Nf3 Qd7 21. Rad1 Qe7 22. e5 Nh5 23. Qc2+ g6 24. e6 Rad8 25. Ne5 Qf6 26. e7 Rxd1 27. exf8N+ Qxf8 28. Qxg6+ 1-0

[Event "Hello Sakk Cup Capablanca"]
[Site "Tornelo INT"]
[Date "2021.02.28"]
[Round "5"]
[White "Toth, Nikoletta"]
[Black "Demeter, Dorina"]
[Result "0-1"]
[WhiteElo "1937"]
[BlackElo "2022"]
[PlyCount "78"]
[EventDate "2021.02.21"]
[EventType "tourn (rapid)"]
[EventRounds "7"]
[EventCountry "HUN"]
[SourceTitle "CBM 200 Extra"]
[Source "ChessBase"]
[SourceDate "2021.03.31"]
[SourceVersion "1"]
[SourceVersionDate "2021.03.31"]
[SourceQuality "1"]

1. Nf3 d5 2. d4 Nf6 3. c4 e6 4. Nc3 Bb4 5. e3 a6 6. a3 Be7 7. Bd3 dxc4 8. Bxc4 b5 9. Bd3 Bb7 10. 0-0 Nbd7 11. b4 Bd6 12. e4 e5 13. d5 Nb6 14. Bg5 Qd7 15. Qc2 Rg8 16. a4 h6 17. Bh4 g5 18. Bg3 Qe7 19. axb5 axb5 20. Bxb5+ Nfd7 21. Rxa8+ Bxa8 22. Bc6 f6 23. Nb5 Kf7 24. Ra1 h5 25. h4 g4 26. Nd2 Bxc6 27. dxc6 Nf8 28. Nc4 Nxc4 29. Qxc4+ Ne6 30. Nxd6+ Qxd6 31. b5 Rb8 32. Rb1 Qd4 33. Qc2 Qc5 34. Qe2 Nd4 35. Qe3 Kg6 36. Rb2 Rxb5 37. Rxb5 Qxb5 38. Qd2 Qxc6 39. f3 gxf3 0-1

[Event "Hello Sakk Cup Capablanca"]
[Site "Tornelo INT"]
[Date "2021.02.21"]
[Round "1"]
[White "Persanyi, Barnabas"]
[Black "Toth, Nikoletta"]
[Result "1-0"]
[WhiteElo "2364"]
[BlackElo "1937"]
[PlyCount "97"]
[EventDate "2021.02.21"]
[EventType "tourn (rapid)"]
[EventRounds "7"]
[EventCountry "HUN"]
[SourceTitle "CBM 200 Extra"]
[Source "ChessBase"]
[SourceDate "2021.03.31"]
[SourceVersion "1"]
[SourceVersionDate "2021.03.31"]
[SourceQuality "1"]

1. Nf3 d5 2. g3 Nf6 3. Bg2 e6 4. 0-0 Be7 5. d4 0-0 6. c4 b6 7. cxd5 exd5 8. Nc3 Bb7 9. Bf4 a6 10. Rc1 Nbd7 11. Ne5 Ne4 12. Nxe4 Nxe5 13. Bxe5 dxe4 14. Bxc7 Qd7 15. Bxb6 Rac8 16. Bc5 e3 17. fxe3 Bxg2 18. Kxg2 Bxc5 19. Rxc5 Rxc5 20. dxc5 Qc6+ 21. Rf3 Qxc5 22. Qd4 Qb5 23. Rf2 h6 24. b3 Qc6+ 25. e4 Re8 26. Qd5 Qg6 27. Qf5 Qe6 28. Qxe6 Rxe6 29. Kf3 Kf8 30. Rf1 Ke7 31. Rc1 Kd7 32. b4 Rb6 33. Rc4 Ke6 34. a4 Kd6 35. Ke3 f6 36. Kd4 Rb8 37. Kc3 g6 38. Rc5 Re8 39. Kd4 Re7 40. b5 axb5 41. Rxb5 Kc6 42. Rc5+ Kd6 43. Rd5+ Kc6 44. a5 Ra7 45. Kc4 Rb7 46. a6 Ra7 47. Ra5 Kb6 48. Ra2 Rc7+ 49. Kd5 1-0

[Event "Budapest FS02 Nadassy"]
[Site "Budapest"]
[Date "2021.02.06"]
[Round "1.5"]
[White "Juracsik, Jozsef"]
[Black "Toth, Nikoletta"]
[Result "1-0"]
[WhiteElo "2139"]
[BlackElo "1937"]
[PlyCount "103"]
[EventDate "2021.02.06"]
[EventType "schev"]
[EventRounds "10"]
[EventCountry "HUN"]
[SourceTitle "EXT 2022"]
[Source "ChessBase"]
[SourceDate "2021.10.06"]
[SourceVersion "1"]
[SourceVersionDate "2021.10.06"]
[SourceQuality "1"]
[WhiteTeam "Team A"]
[BlackTeam "Team B"]
[WhiteTeamCountry "HUN"]
[BlackTeamCountry "HUN"]

1. e4 e5 2. Nf3 Nc6 3. Nc3 Nf6 4. Bb5 Bc5 5. Nxe5 Bxf2+ 6. Kxf2 Nxe5 7. d4 Nfg4+ 8. Kg1 Qf6 9. Qd2 Nc6 10. h3 Nh6 11. Nd5 Qxd4+ 12. Qxd4 Nxd4 13. Nxc7+ Kd8 14. Nxa8 Nxb5 15. Be3 b6 16. Nxb6 axb6 17. Bxb6+ Ke7 18. a4 Nd6 19. Bc5 Ke6 20. Bxd6 Kxd6 21. Kh2 f6 22. b4 Bb7 23. Rhe1 Rc8 24. Re2 Rc4 25. Rd1+ Ke6 26. c3 Nf7 27. Re3 Bxe4 28. a5 Ne5 29. a6 Ba8 30. Rd4 d5 31. Rxc4 dxc4 32. b5 Kd6 33. b6 Bd5 34. Re1 Nd7 35. b7 Kc7 36. Re7 Bc6 37. Rxg7 Kb8 38. Rg8+ Kc7 39. Rc8+ Kb6 40. b8Q+ Nxb8 41. Rxb8+ Kxa6 42. Rf8 Kb5 43. Rxf6 Be4 44. g4 Kc5 45. Kg3 Kd5 46. Kf4 Bd3 47. h4 Bc2 48. g5 Bg6 49. Ra6 Bh5 50. Rh6 Bg6 51. h5 Bd3 52. Ra6 1-0

[Event "HUN-ch U16 Girls"]
[Site "Budapest"]
[Date "2020.10.27"]
[Round "6"]
[White "Buri, Kata"]
[Black "Toth, Nikoletta"]
[Result "0-1"]
[WhiteElo "1685"]
[BlackElo "1916"]
[PlyCount "32"]
[EventDate "2020.10.24"]
[EventType "tourn"]
[EventRounds "10"]
[EventCountry "HUN"]
[SourceTitle "CBM 199 Extra"]
[Source "ChessBase"]
[SourceDate "2021.01.31"]
[SourceVersion "1"]
[SourceVersionDate "2021.01.31"]
[SourceQuality "1"]

1. e4 e5 2. Nf3 Nc6 3. d4 exd4 4. Nxd4 Nf6 5. Nc3 Bb4 6. Nxc6 bxc6 7. Bd3 0-0 8. 0-0 d5 9. exd5 cxd5 10. Ne2 Bd6 11. Bg5 Bxh2+ 12. Kh1 Bd6 13. Ng3 h6 14. Bxf6 Qxf6 15. Kg1 Qg5 16. Nh5 Bg4 0-1

[Event "HUN-ch U16 Girls"]
[Site "Budapest"]
[Date "2020.10.25"]
[Round "2"]
[White "Koltai, Dora"]
[Black "Toth, Nikoletta"]
[Result "1-0"]
[WhiteElo "1891"]
[BlackElo "1916"]
[PlyCount "99"]
[EventDate "2020.10.24"]
[EventType "tourn"]
[EventRounds "10"]
[EventCountry "HUN"]
[SourceTitle "CBM 199 Extra"]
[Source "ChessBase"]
[SourceDate "2021.01.31"]
[SourceVersion "1"]
[SourceVersionDate "2021.01.31"]
[SourceQuality "1"]

1. e4 e5 2. Nf3 Nc6 3. Bb5 a6 4. Ba4 Nf6 5. 0-0 b5 6. Bb3 Bc5 7. a4 Rb8 8. c3 d6 9. d4 Bb6 10. a5 Ba7 11. h3 0-0 12. Be3 Ra8 13. Re1 h6 14. Nbd2 Re8 15. d5 Ne7 16. Bxa7 Rxa7 17. Nf1 Ng6 18. Ng3 Bd7 19. Qd2 Qc8 20. Kh2 Ra8 21. Rac1 Nf4 22. Ng1 h5 23. Bc2 Kh8 24. N3e2 g5 25. g3 Nxe2 26. Rxe2 Rg8 27. Nf3 Nh7 28. h4 Bg4 29. Re3 Bxf3 30. Rxf3 Qg4 31. Qe3 gxh4 32. Rh1 Rg7 33. Kg2 Rag8 34. Kf1 h3 35. Ke1 Ng5 36. Rf5 Rh7 37. Bd1 Qxe4 38. Qxe4 Nxe4 39. Rxh3 Rg5 40. Rxg5 Nxg5 41. Rxh5 Rxh5 42. Bxh5 Kg7 43. Be2 Ne4 44. Bxb5 Nc5 45. Bc4 Nb7 46. b4 Nd8 47. Bxa6 c6 48. dxc6 Nxc6 49. Bb7 Na7 50. c4 1-0